Datum a čas kvízu
36
Celkem bodů
Celkový počet nahraných bodů na tomto kvízu bez doplňovacích otázek.
3.
Pořadí na kvízu
Konečné umístění týmu na tomto kvízu.
Zaznamenané odpovědi
| # | Otázka | Odpověď | Body | Výsledky |
|---|---|---|---|---|
| 1. | V pátek přejel první vlak přes... | Orlík | 0 | |
| 2. | Během návštěvy Vladimira Putin... | v Kazachstánu | 1 | |
| 3. | Počátkem týdne byl představen... | Marek Ztracený, Ester Ledecká | 1 | |
| 4. | Ve čtvrtek byly vyhlášeny výsl... | Zásilkovna | 1 | |
| 5. | V pondělí byl potvrzen vstup n... | B) Cadillac | 1 | |
| 6. | Začneme mladším (a slavnějším)... | R.U.R. | 0 | |
| 7. | Josef Čapek byl především malí... | C | 1 | |
| 8. | Přiřaďte k těmto literárním dí... | 1D 2B 3C 4A | 0 | |
| 9. | Napište názvy dvou deníků, v n... | Národní listy, Lidové noviny | 1 | |
| 10. | Napište název dramatu, jehož z... | Matka | 0 |